1218 1263 1510 1131 1206 1276 1052 1825 1238 1729 1328 1119 1165 1383 1747 1835 1551 1599 1706 1038 1749 1093 1906 1697 1701 1125 1769 1169 1768 1625 1393 1480 1558 1005 1809 1176 1358 1358 1187 1407 1480 1917 1777 1183 1639 1060 1268 1976 1619 1091 1024 1985 1538 1647 1398 1614 1586 1127 1617 1909 1119 1287 1509 1214 1244 1555 1573 1653 1884 1836 1353 1159 1981 1301 1598 1854 1178 1105 1404 1816 1625 1919 1911 1309 1871 1075 1595 1162 1521 1173 1674 1837 1168 1540 1262 1221 1727 1085 1711 BCNSPRNW ULIB Ver.6.0+V

เปลี่ยนเป็นภาษาไทย

Change to English
 แสดงรายละเอียดบรรณานุกรม
  กลับหน้าหลัก

Brief Record : Get Marc (ISO 2709) : E-mail record : QR code < ปิดหน้าต่าง
LEADER : 00000nam 2200000uu 4500
001    13399120316
003     ULIB
008    120918s2547||||th 000 0 tha d
020    ^a9749256433
060 04 ^aQV600^bส310ก 2547
245 00 ^aเกณฑ์มาตรฐานในการรักษาผู้ป่วยที่ได้รับพิษจากสารเคมีกำจัดแมลงกลุ่มออร์กาโนฟอสเฟตและคาร์บาเมท ฉบับที่ 2 /^cโดย สมิง เก่าเจริญ, ยุพา ลีลาพฤทธิ์, [บรรณาธิการ] และคณะกรรมการ
260    ^aกรุงเทพฯ :^bกองควบคุมวัตถุมีพิษสำนักงานคณะกรรมการอาหารและยา กระทรวงสาธารณสุข, สภาสมาคมผู้ผลิตสารเคมีเกษตรนานาชาติ,^c2547
300    ^a331 หน้า :^bภาพประกอบ ;^c21 ซม.
650  0 ^aAgricultural chemicals^xToxicology
650  2 ^aInsecticides^xtoxicity
650  2 ^aInsecticides, Organophosphate^xtoxicity
650  2 ^aInsecticides, Carbamate^xtoxicity
650  2 ^aAgrichemicals^xtoxicity
650  7 ^aสารเคมีทางการเกษตร^xความเป็นพิษ
650  7 ^aยาฆ่าแมลงกลุ่มออร์กาโนฟอสเฟต^xความเป็นพิษ
650  7 ^aยาฆ่าแมลง
650  7 ^aยาฆ่าแมลง^xพิษวิทยา
700 0  ^aสมิง เก่าเจริญ,^eบรรณาธิการ
700 0  ^aยุพา ลีลาพฤทธิ์,^eบรรณาธิการ
710 2  ^aกระทรวงสาธารณสุข.^bสำนักงานคณะกรรมการอาหารและยา.^bกองควบคุมวัตถุมีพิษ
710 2  ^aสภาสมาคมผู้ผลิตสารเคมีเกษตรนานาชาติ (GIFAP)
945    ^p0^l0^i15840
995    ^aกัณชพร
999 ^a ใช้งานได้ทุกระบบ
รายการนี้ยังไม่มีแท็ก
คุณยังไม่ได้ล็อกอิน คุณสามารถมีกิจกรรมร่วมกับเว็บไซต์ได้ แต่ต้องล็อกอินก่อน ::
  ล็อกอิน

รายการสื่อสารสนเทศ

ลำดับที่ ประเภท เลขเรียก/บาร์โค้ด สถานที่ สถานะ
1. วิทยาศาสตร์การแพทย์ และสุขภาพ
วิทยาศาสตร์การแพทย์ และสุขภาพ
QV600 ส310ก 2547  
  Barcode: 15840
ห้องสมุดวิทยาเขตสวรรค์ประชารักษ์
►หนังสือทั่วไป
บนชั้น

รายการใกล้เคียง
    หัวเรื่อง [ยาฆ่าแมลง]

BibComment


ยังไม่เคยถูกคอมเมนท์

คอมเมนท์ทรัพยากรรายการนี้
  คอมเมนท์: เกณฑ์มาตรฐานในกา..


 Copyright 2026. Bcnsprnw @Library